Słówka po angielsku (trudniejsze) - Dyscypliny sportowe - Statystyki

Ogólne statystyki
  • Ten quiz został rozwiązany 40 razy
  • Średni wynik to 7 z 19
Statystyki odpowiedzi
Dyscypliny sportowe Sports % Poprawnych
Judo Judo
89%
Karate Karate
86%
Gra w kręgle Bowling
74%
Skoki narciarskie Ski jumping
69%
Jazda konna Horse riding
57%
Skok wzywyż High jump
54%
Łucznictwo Archery
43%
Skok w dal Long jump
43%
Zapasy Wrestling
31%
Podnoszenie ciężarów Weightlifting
29%
Skok o tyczce Pole vault
20%
Aerobic Aerobics
17%
Szermierka Fencing
17%
Jazda na nartach wodnych Water skiing
17%
Kajakarstwo Canoeing
14%
Skoki ze spadochronem Parachuting
14%
Jazda na łyżworolkach Rollerblading
3%
Biegi na orientację Orienteering
0%
Skoki przez przeszkody Show jumping
0%
Nie znaleziono quizów pasujących do podanych kryteriów
Rozkład punktacji
Procent ludzi z każdym wynikiem
Percentyl według liczby udzielonych odpowiedzi
Twoja historia wyników
Nie rozwiązałeś tego quizu